| 000 | 00703nam a22002297a 4500 | ||
|---|---|---|---|
| 003 | BUBTL | ||
| 008 | 240813b ||||| |||| 00| 0 eng d | ||
| 020 | _a9789843346681 | ||
| 041 | _aeng | ||
| 082 | _a320/ R339b/ 2024 | ||
| 100 |
_92469 _aReza, Hossain Mohammad |
||
| 245 |
_aPolitical Science/ _cHossain Mohammad Reza |
||
| 250 | _a3rd ed | ||
| 260 |
_aDhaka: _bSufi Prokashoni, _cc2024 |
||
| 300 |
_axv, 400 p.: _c22 cm. |
||
| 505 | _aNature and scope of political science, General ideas, The nature of the state, origin of the state | ||
| 650 | 0 |
_95592 _aPolitical Science |
|
| 650 | 0 |
_926 _aLaw |
|
| 856 |
_k0 _l0 _yDownload |
||
| 942 |
_2ddc _cBK |
||
| 999 |
_c7346 _d7346 |
||